|
|
|
|
| LEADER |
00677nam a22002051a 4500 |
| 001 |
000719306 |
| 003 |
CZ BrMZK |
| 005 |
20040602073301.0 |
| 008 |
040602s1925 xr f cze |
| 040 |
|
|
|a BOA001
|b cze
|c BOA001
|
| 041 |
0 |
|
|a cze
|a eng
|
| 100 |
1 |
|
|a Jung, Václav Alois,
|d 1858-1927
|7 jk01052161
|4 aut
|
| 245 |
1 |
0 |
|a Učebnice jazyka anglického pro školy, kroužky a samouky /
|c Václav Alois Jung
|
| 250 |
|
|
|a 2. zcela přeprac. vyd.
|
| 260 |
|
|
|a Praha :
|b Kvasnička a Hampl,
|c 1925
|
| 300 |
|
|
|a 658 s.
|
| 910 |
|
|
|a BOA001
|b PK-II-0012.658
|
| 990 |
|
|
|a BK
|
| 993 |
|
|
|a Y
|
| 996 |
7 |
|
|b 3119652316
|c PK-II-0012.658
|l MZK
|r Sklad / do 1 hodiny
|n 1
|w 000719306
|u 000010
|a 1
|e BOA001
|j MZK50
|s A
|